Welcome to the Holygrace Academy Library

Please use search bar below to get started

THE HARDY BOYS - DOUBLE DECEPTION (Record no. 7836)

MARC details
000 -LEADER
fixed length control field 00576nam a22001457a 4500
020 ## - INTERNATIONAL STANDARD BOOK NUMBER
ISBN 978-1-4169-6766-8
082 ## - DEWEY DECIMAL CLASSIFICATION NUMBER
Classification number 823
Item number DIX/H
100 ## - MAIN ENTRY--AUTHOR NAME
Personal name DIXON, FRANKLIN W
245 ## - TITLE STATEMENT
Title THE HARDY BOYS - DOUBLE DECEPTION
260 ## - PUBLICATION, DISTRIBUTION, ETC. (IMPRINT)
Place of publication NEW YORK
Name of publisher ALADDIN PAPERBACKS
Year of publication 2009
300 ## - PHYSICAL DESCRIPTION
Number of Pages 158
520 ## - SUMMARY, ETC.
Summary, etc Joe and Frank continue work protecting Justin, a superstar, from possible harm. They soon find that Justin is dating Emily Slater, another superstar. This makes them suspicious, especially as Justin's twin brother, Ryan, is missing.
650 ## - SUBJECT ADDED ENTRY--TOPICAL TERM
Topical Term MYSTERY
Geographic subdivision UNITED STATES
942 ## - ADDED ENTRY ELEMENTS (KOHA)
Koha item type Books
Holdings
Withdrawn status Lost status Collection code Home library Current library Shelving location Date acquired Source of acquisition Cost, normal purchase price Full call number Accession Number Koha item type
    Fiction Main Library Main Library NEW SHELF WITH NEW ENTRY 20/11/2023 purchase 250.00 823 DIX/H 13415 Books